El Salvador el soldado y la guerrillera: historia y relatos de vida /
Enregistré dans:
| Auteur principal: | |
|---|---|
| Format: | Inconnue |
| Langue: | Spanish |
| Publié: |
San Salvador: UFG-Editores
|
| Tags: |
Ajouter un tag
Pas de tags, Soyez le premier à ajouter un tag!
|
MARC
| LEADER | 00000 a2200000 04500 | ||
|---|---|---|---|
| 001 | 47281 | ||
| 003 | |||
| 008 | 050630s2008 es spa d | ||
| 040 | |||
| 020 | |a 978-99923-800-9-3 | ||
| 090 | |a 0003 M385s | ||
| 100 | |a Peñate Martínez, Oscar | ||
| 245 | |a El Salvador el soldado y la guerrillera: |b historia y relatos de vida / |c Oscar Martínez Peñate | ||
| 260 | |b San Salvador: |b UFG-Editores | ||
| 300 | |a 435 páginas : |b fotos | ||
| 999 | |c 12799 |d 12799 | ||



